A Civil War marriage in Virginia : reminiscences and letters /

Bibliographic Details
Other Authors: Spencer, Carrie Esther (Editor)
Format: eBook
Language:English
Published: [Boyce? Va.], [publisher not identified] ; [1956]
Series:American Civil War, letters and diaries.
Subjects:
Online Access:Connect to the full text of this electronic book

MARC

Tag First Indicator Second Indicator Subfields
LEADER 00000cam a2200000 i 4500
001 in00002501034
005 20190327173652.0
006 m | d |
007 cr |n ---||a|a
008 750402s1956 xx s 000 0 eng d
035 |a (OCoLC)ocm01249148 
035 |9 AKG9183CU 
035 |a (VaAlASP)ASPS00000327/cwld 
040 |c HEI  |d ZCU  |d VaAlASP  |d UtOrBLW 
050 0 |a F230  |b .S79 
082 0 |a 975.5 
100 1 |a Spencer, Carrie Esther,  |e editor. 
245 1 2 |a A Civil War marriage in Virginia :  |b reminiscences and letters /  |c collected by Carrie Esther Spencer, Bernard Samuels [and] Walter Berry Samuels. 
264 1 |a [Boyce? Va.],  |b [publisher not identified] ;  |c [1956] 
264 4 |c [©1956] 
300 |a vi, 267 pages :  |b illustrations ;  |c 24 cm. 
336 |a text  |b txt  |2 rdacontent 
337 |a computer  |b c  |2 rdamedia 
338 |a online resource  |b cr  |2 rdacarrier 
533 |a Electronic reproduction.  |b Alexandria, VA :  |c Alexander Street Press,  |d 2003.  |f (The American civil war: letters and diaries).  |n Available via World Wide Web. 
500 |a Electronic resource. 
600 1 0 |a Samuels, Kathleen Boone. 
600 1 0 |a Samuels, Green Berry. 
651 0 |a United States  |x History  |y Civil War, 1861-1865  |v Personal narratives, Confederate. 
651 0 |a Virginia  |x Social life and customs. 
776 1 |c Original  |w (DLC) 58026323  
830 0 |a American Civil War, letters and diaries. 
856 4 0 |z Connect to the full text of this electronic book  |u http://proxy.library.tamu.edu/login?url=http://www.aspresolver.com/aspresolver.asp?CWLD;S327  |t 0 
999 |a MARS 
999 f f |s 80fe615b-381c-38c0-8522-6e688f5a07c7  |i 3e2faa6f-34d9-330e-83a9-53c0766dbcf7  |t 0 
952 f f |a Texas A&M University  |b College Station  |c Electronic Resources  |d Available Online  |t 0  |e F230 .S79  |h Library of Congress classification 
998 f f |a F230 .S79  |t 0  |l Available Online